Các mẫu câu tiếng Hàn cơ bản

Các mẫu câu cơ bản dùng trong văn viết, đàm thoại, giao tiếp hàng ngày với nhiều chủ đề và mọi tình huống

সংরক্ষণ করুন:
গ্রন্থ-পঞ্জীর বিবরন
প্রধান লেখক: John. H. Ko
অন্যান্য লেখক: Lê, Huy Khoa
বিন্যাস: গ্রন্থ
ভাষা:Undetermined
প্রকাশিত: Tp. Hồ Chí Minh Trẻ 2009
বিষয়গুলি:
অনলাইন ব্যবহার করুন:http://lrc.tdmu.edu.vn/opac/search/detail.asp?aID=2&ID=19035
ট্যাগগুলো: ট্যাগ যুক্ত করুন
কোনো ট্যাগ নেই, প্রথমজন হিসাবে ট্যাগ করুন!
Thư viện lưu trữ: Trung tâm Học liệu Trường Đại học Thủ Dầu Một
LEADER 00834nam a2200217Ia 4500
001 TDMU_19035
008 210410s9999 xx 000 0 und d
082 |a 495.782 
090 |b J427 
100 |a John. H. Ko 
245 0 |a Các mẫu câu tiếng Hàn cơ bản 
245 0 |c John. H.Ko; Lê Huy Khoa dịch và bổ sung 
260 |a Tp. Hồ Chí Minh 
260 |b Trẻ 
260 |c 2009 
300 |a 180tr. 
520 |a Các mẫu câu cơ bản dùng trong văn viết, đàm thoại, giao tiếp hàng ngày với nhiều chủ đề và mọi tình huống 
650 |a Tiếng Hàn  |x Mẫu câu 
700 |a Lê, Huy Khoa 
856 |u http://lrc.tdmu.edu.vn/opac/search/detail.asp?aID=2&ID=19035 
980 |a Trung tâm Học liệu Trường Đại học Thủ Dầu Một